| 000 | 00604nam a22001937a 4500 | ||
|---|---|---|---|
| 005 | 20241128164119.0 | ||
| 008 | 241128b ||||| |||| 00| 0 eng d | ||
| 040 | _cAL | ||
| 041 | _aEnglish | ||
| 082 |
_223 _a378.14 _bSTAA |
||
| 100 |
_aST ALOYSIUS EVENING COLLEGE _9187159 |
||
| 245 | _aSt. Aloysius Evening College Mangalore: Annual Magazine1973-1977 | ||
| 260 |
_aMangalore _b ST ALOYSIUS EVENING COLLEGE _c1973 |
||
| 300 |
_a329 p. _bHB _c24.5x17.5 cm. |
||
| 650 |
_a1973,1974,1975,1976,1977 _9187130 |
||
| 650 |
_aAnnual Report _9187131 |
||
| 650 |
_aCollege Magazine _9187132 |
||
| 942 |
_2ddc _cDB |
||
| 999 |
_c232031 _d232031 |
||